Представление документа в формате RUSMARC

ПолеНазваниеЗначение
  Тип записи a
  Библиографический уровень m
001 Контрольный номер RU/SLIB/B/208742620
005 Дата корректировки 20201206204101.2
010 Индекс ISBN __
d Цена 2000-00
101 Язык документа __
a Язык текста rus
200 Заглавие и сведения об ответственности __
a Заглавие Синтез и исследование машин и механизмов с электромагнитным приводом
f Первые сведения об ответственности Смелягин А. И. ; под ред. Ю. П. Мисюк
b Общее обозначение материала Текст
210 Выходные данные __
a Место издания Новосибирск
c Издательство Изд-во Новосиб. ун-та
d Дата издания 1991
215 Физическое описание __
a Объем 245 с.
606 Тематические рубрики __
a Основная рубрика Энергетика
606 Тематические рубрики __
a Основная рубрика Электрические машины в целом
606 Тематические рубрики __
a Основная рубрика Детали и узлы электрических машин
610 Ключевые слова __
a Ключевые слова электромагнитные приводы; синтез машин; механизмы; машины; электрические связи; электротехника
686 Индексы других классификаций __
a Классификационный индекс 31.26
700 Автор __
a Фамилия Смелягин
b Имя А. И.
4 Код отношения 070
701 Альтернативная интеллектуальная ответственность _1
a Фамилия Мисюк
b Имя Ю. П.
801 Источник записи _0
a Страна RU
b Организация Муниципальное бюджетное учреждение культуры "Централизованная библиотечная система" г. Сургут (Центральная городская библиотека им. А. С. Пушкина)
g Правила каталогизации КиК/Елгина
801 Источник записи _1
a Страна RU
b Организация Муниципальное бюджетное учреждение культуры "Централизованная библиотечная система" г. Сургут (Центральная городская библиотека им. А. С. Пушкина)
g Правила каталогизации КиК/Елгина
852 Данные о местонахождении __
j Шифр хранения 31.26
c Каталожный индекс 31.26
i Авторский знак С 50
p Инвентарный номер 53098
901 Тип документа __
t Тип документа m
990 Данные о заказе (DOS) __
j Количество экземпляров (DOS) 1